Border cities and towns : comparative historical community studies & institutional interviews on social exclusion

Αποθηκεύτηκε σε:
Λεπτομέρειες βιβλιογραφικής εγγραφής
Συγγραφή απο Οργανισμό/Αρχή: European Commission
Άλλοι συγγραφείς: Λεοντίδου-Εμμανουήλ, Λίλα (Επιμελητής έκδοσης)
Μορφή: Βιβλίο
Γλώσσα:English
Δημοσίευση: Lesvos : Department of Geography, 2000
Θέματα:
Ετικέτες: Προσθήκη ετικέτας
Δεν υπάρχουν, Καταχωρήστε ετικέτα πρώτοι!

MARC

LEADER 00000cam a2200000 i 4500
001 1/16605
008 111121s2000 eng d
035 |l 10111412 
040 |a GR-MY-UA  |b gre  |e aacr 
041 0 |a eng 
082 0 |a 307.76 
245 1 0 |a Border cities and towns :  |b comparative historical community studies & institutional interviews on social exclusion /  |c coordinated by Lila Leontidou 
260 |a Lesvos :   |b Department of Geography,   |c 2000 
300 |a 220 σ.;  |b πιν.;  |c 30 εκ. 
500 |a TSER COntract SOE2-CT97-3048 
500 |a The two annual scientific reports submitted to EC Research DG 
500 |a Title project: Border cities and towns: causes of social exclusion in peripheral Europe -- Το τεκμήριο είναι μέρος της ετήσιας αναφοράς του προγράματος 
500 |a Εργαστήριο Ευρω-Μεσογειακών Ερευνών - REM 
650 0 0 |a Cities and towns. 
650 0 0 |a Cities and towns  |x Social aspects. 
700 1 |a Λεοντίδου-Εμμανουήλ, Λίλα.  |4 edt 
710 2 |a European Commission. 
852 |a INST  |b LESVOS  |e 20111121  |h 307.76 BOR  |p 005100050979  |q 005100050979  |t BK  |y 0 
901 |a BIBL1-2011-3 
909 |a Λ  |b 173148 
970 |a ΜΟΥΣΤΑΚΑ  |b ΠΗΝΕΛΟΠΗ  |z 2001/11/28